Từ điển hóa sinh học
Guardat en:
| Autor principal: | |
|---|---|
| Format: | Llibre |
| Idioma: | Undetermined |
| Publicat: |
Hà Nội
Y học
1983
|
| Matèries: | |
| Etiquetes: |
Afegir etiqueta
Sense etiquetes, Sigues el primer a etiquetar aquest registre!
|
| Thư viện lưu trữ: | Trung tâm Học liệu Trường Đại học Cần Thơ |
|---|
| LEADER | 00609nam a2200193Ia 4500 | ||
|---|---|---|---|
| 001 | CTU_7924 | ||
| 008 | 210402s9999 xx 000 0 und d | ||
| 082 | |a 572.03 | ||
| 082 | |b H450 | ||
| 100 | |a Đỗ, Đình Hồ | ||
| 245 | 0 | |a Từ điển hóa sinh học | |
| 245 | 0 | |c Đỗ Đình Hồ, Đái Duy Ban, Đặng Hanh Phức | |
| 260 | |a Hà Nội | ||
| 260 | |b Y học | ||
| 260 | |c 1983 | ||
| 650 | |a Biochemistry | ||
| 650 | |x terminilogy | ||
| 904 | |i Huỳnh Mai chuyển số PL từ 574.12903 thành 572.03 | ||
| 980 | |a Trung tâm Học liệu Trường Đại học Cần Thơ | ||